Bayern Munich - Tous les Joueurs (2015-2026) - Statistiques

Statistiques générales
  • Ce quiz a été pris 374 fois
    161 depuis la dernière actualisation
  • Le résultat moyen est 50 sur 80
Statistiques - réponses
Matchs Période Nationalité Joueur % Correct
581 2011- Allemagne Manuel Neuer
100%
121 2023- Angleterre Harry Kane
99%
756 2008-2025 Allemagne Thomas Müller
99%
375 2014-2022 Pologne Robert Lewandowski
98%
425 2007-2019 France Franck Ribéry
97%
229 2019- Canada Alphonso Davies
96%
309 2009-2019 Pays-Bas Arjen Robben
96%
431 2010-2021 Autriche David Alaba
96%
468 2015- Allemagne Joshua Kimmich
94%
173 2021- France Dayot Upamecano
91%
339 2015-2025 France Kinglsey Coman
91%
80 2024- France Michael Olise
89%
22 2025- Colombie Luis Diaz
88%
306 2017- Allemagne Serge Gnabry
88%
124 2015-2018 Chili Arturo Vidal
87%
96 2023- Corée du Sud Kim Min-jae
87%
118 2016-2019 Allemagne Mats Hummels
87%
517 2002-2017 Allemagne Philipp Lahm
87%
500 2002-2015 Allemagne Bastian Schweinsteiger
85%
223 2020-2025 Allemagne Leroy Sané
85%
38 2022-2023 Sénégal Sadio Mané
84%
67 2017-2019 Colombie James Rodriguez
83%
287 2018- Allemagne Leon Goretzka
83%
113 2023- Autriche Konrad Laimer
82%
363 2011-2021 Allemagne Jérôme Boateng
81%
268 2012-2021 Espagne Javi Martinez
78%
38 2019-2020 Brésil Philippe Coutinho
78%
235 2013-2020 Espagne Thiago Alcantara
78%
163 2019-2023 France Benjamin Pavard
76%
122 2020-2024 Cameroun Eric-Maxim Choupo-Moting
76%
207 2020- Allemagne Jamal Musiala
76%
107 2019-2023 France Lucas Hernandez
75%
118 2017-2022 France Corentin Tolisso
74%
97 2015-2021 Brésil Douglas Costa
73%
55 2022-2024 Maroc Noussair Mazraoui
73%
85 2021- Croatie Josip Stanisic
71%
76 2023- Allemagne Aleksandar Pavlovic
70%
73 2022-2024 Pays-Bas Matthijs de Ligt
70%
103 2015-2021 Allemagne Sven Ulreich
69%
27 2025- Allemagne Jonathan Tah
64%
82 2023- Portugal Raphaël Guerreiro
64%
117 2014-2017 Espagne Xabi Alonso
63%
81 2012-2015 Suisse Xherdan Shaqiri
63%
54 2021-2023 Autriche Marcel Sabitzer
62%
266 2011-2019 Brésil Rafinha
62%
33 2020-2024 France Bouna Sarr
61%
327 2001-2015 Pérou Claudio Pizarro
61%
35 2019-2020 Croatie Ivan Perisic
61%
22 2025- Allemagne Lennart Karl
61%
18 2025- Sénégal Nicolas Jackson
61%
21 2023 Portugal Joao Cancelo
56%
25 2023 Suisse Yann Sommer
55%
133 2012-2015 Brésil Dante
54%
14 2024- Japon Hiroki Ito
54%
53 2016-2019 Portugal Renato Sanches
53%
114 2013-2016 Allemagne Mario Götze
52%
46 2014-2017 Maroc Medhi Benatia
52%
171 2017-2022 Allemagne Niklas Süle
52%
13 2019-2022 France Michaël Cuisance
51%
113 2014-2018 Espagne Juan Bernat
49%
34 2022-2023 Pays-Bas Ryan Gravenberch
49%
83 2022-2025 France Mathys Tel
48%
37 2024- France Sacha Boey
47%
48 2024-2025 Angleterre Eric Dier
43%
25 2024-2025 Portugal Joao Palinha
43%
17 2025- Allemagne Jonas Urbig
34%
177 2009-2017 Allemagne Holger Badstuber
29%
17 2017-2019 Pays-Bas Joshua Zirkzee
27%
28 2020-2022 France Tanguy Nianzou
25%
10 2020-2022 États-Unis Chris Richards
22%
17 2021-2022 Angleterre Omar Richards
22%
19 2025- Allemagne Tom Bischof
21%
35 2017-2018 Allemagne Sebastian Rudy
20%
38 2018-2019 Allemagne Sandro Wagner
15%
52 2014-2016 Allemagne Sebastian Rode
13%
24 2020-2022 Espagne Marc Roca
12%
12 2012-2018 Allemagne Tom Starke
7%
21 2012-2015 Allemagne Mitchell Weiser
3%
11 2014-2017 Allemagne Gianluca Gaudino
2%
12 2013-2016 Allemagne Jan Kirchhoff
0%
Aucun quiz correspondant
Distribution des résultats
% des personnes avec chaque résultat
Percentile par nombre de réponses
Votre historique - résultats
Vous n’avez pas pris ce quiz depuis la dernière actualisation